<?xml version="1.0" encoding="UTF-8"?>
<record
    xmlns:xsi="http://www.w3.org/2001/XMLSchema-instance"
    xsi:schemaLocation="http://www.loc.gov/MARC21/slim http://www.loc.gov/standards/marcxml/schema/MARC21slim.xsd"
    xmlns="http://www.loc.gov/MARC21/slim">

  <leader>02168nam a2200313 a 4500</leader>
  <controlfield tag="001">BRCA_5173</controlfield>
  <controlfield tag="005">20190320204954.0</controlfield>
  <controlfield tag="008">241110s1772----mx-######v---#000-0#spa-#</controlfield>
  <datafield tag="041" ind1=" " ind2=" ">
    <subfield code="a">spa</subfield>
  </datafield>
  <datafield tag="044" ind1=" " ind2=" ">
    <subfield code="a">mx</subfield>
  </datafield>
  <datafield tag="084" ind1=" " ind2=" ">
    <subfield code="a">DOC124</subfield>
    <subfield code="b">.B83</subfield>
    <subfield code="c">1772</subfield>
  </datafield>
  <datafield tag="100" ind1="1" ind2=" ">
    <subfield code="a">Bucareli y Urs&#xFA;a, Antonio Mar&#xED;a</subfield>
    <subfield code="c">Virrey</subfield>
    <subfield code="d">1717-1779</subfield>
    <subfield code="9">13233</subfield>
  </datafield>
  <datafield tag="245" ind1="1" ind2="0">
    <subfield code="a">Documento firmado por el Virrey Don Antonio Mar&#xED;a Bucareli y Urs&#xFA;a y Joseph de Garraez</subfield>
    <subfield code="c">Antonio Mar&#xED;a Bucareli y Urs&#xFA;a, Joseph de Garraez.</subfield>
  </datafield>
  <datafield tag="260" ind1=" " ind2=" ">
    <subfield code="a">M&#xE9;xico</subfield>
    <subfield code="c">1772</subfield>
  </datafield>
  <datafield tag="300" ind1=" " ind2=" ">
    <subfield code="a">[1] foja</subfield>
    <subfield code="c">31 x 42 cm</subfield>
  </datafield>
  <datafield tag="500" ind1=" " ind2=" ">
    <subfield code="a">Documento firmado el 15 de diciembre de 1772</subfield>
  </datafield>
  <datafield tag="500" ind1=" " ind2=" ">
    <subfield code="a">Bando original dado y firmado por el Virrey Don Antonio Mar&#xED;a Bucareli y Urs&#xFA;a en M&#xE9;xico, en el que prohibe en forma definitiva el comercio del &#xB4;chinguirito&#xB4; imponiendo severos castigos para sus contraventores</subfield>
  </datafield>
  <datafield tag="500" ind1=" " ind2=" ">
    <subfield code="a">El documento contiene la leyenda DOC. #292</subfield>
  </datafield>
  <datafield tag="500" ind1=" " ind2=" ">
    <subfield code="a">Papel con marca de agua</subfield>
  </datafield>
  <datafield tag="500" ind1=" " ind2=" ">
    <subfield code="a">Al margen sellos con escudo espa&#xF1;ol e inscripci&#xF3;n: SELLO QUARTO UN CUARTILLO, A&#xD1;OS DE MIL SETECIENTOS Y SETENTA Y SETENTA Y UNO. -- ESCUDO DE LAROLUS III DGM A&#xD1;OS 1772. REY DE ESPA&#xD1;A. -- lEYENDA: FREY DON ANTONIO MAR&#xCD;A BUCARELI Y URS&#xDA;A, HENESTROSA LAFO DE LA VEGA, VILLACIS Y CORDOVA, Caballero comendador de la bobeda. -- Toro en el Orden de San Juan, Teniente General de los Reales Ej&#xE9;rcitos de su Virrey Governador y Capit&#xE1;n General de esta Nueva Espa&#xF1;a, Presidente de su Real Audiencia Superintendente General de la Real Hacienda y Ramo de Tabaco, Juez conservador de este, presidente de su Junta y Subdelegado General de la Renta de Correos en el mismo Reyno</subfield>
  </datafield>
  <datafield tag="500" ind1=" " ind2=" ">
    <subfield code="a">Estado de conservaci&#xF3;n: contiene manchas de acidificaci&#xF3;n, roturas y dobleces, tiene lagunas por polilla</subfield>
  </datafield>
  <datafield tag="506" ind1="0" ind2=" ">
    <subfield code="a">Fondo reservado: para su consulta es necesario credencial de usuario y carta de motivos</subfield>
  </datafield>
  <datafield tag="546" ind1=" " ind2=" ">
    <subfield code="a">Texto en: espa&#xF1;ol de finales del siglo XVIII</subfield>
  </datafield>
  <datafield tag="600" ind1="1" ind2="4">
    <subfield code="a">Bucareli y Urs&#xFA;a, Antonio Mar&#xED;a</subfield>
    <subfield code="c">Virrey</subfield>
    <subfield code="d">1717-1779</subfield>
    <subfield code="9">13233</subfield>
  </datafield>
  <datafield tag="650" ind1="1" ind2="4">
    <subfield code="a">Documentos legales</subfield>
    <subfield code="v">Impreso con r&#xFA;bricas</subfield>
    <subfield code="x">Historia</subfield>
    <subfield code="y">Colonia, 1521-1821</subfield>
    <subfield code="z">M&#xE9;xico</subfield>
    <subfield code="9">13234</subfield>
  </datafield>
  <datafield tag="700" ind1="1" ind2=" ">
    <subfield code="a">Garraez, Joseph de</subfield>
    <subfield code="9">13235</subfield>
  </datafield>
  <datafield tag="902" ind1=" " ind2=" ">
    <subfield code="a">FDH</subfield>
  </datafield>
  <datafield tag="942" ind1=" " ind2=" ">
    <subfield code="2">lcc</subfield>
    <subfield code="c">D</subfield>
  </datafield>
  <datafield tag="999" ind1=" " ind2=" ">
    <subfield code="c">4867</subfield>
    <subfield code="d">4867</subfield>
  </datafield>
  <datafield tag="952" ind1=" " ind2=" ">
    <subfield code="0">0</subfield>
    <subfield code="1">0</subfield>
    <subfield code="4">0</subfield>
    <subfield code="7">0</subfield>
    <subfield code="a">BRCA</subfield>
    <subfield code="b">BRCA</subfield>
    <subfield code="d">2010-11-24</subfield>
    <subfield code="l">0</subfield>
    <subfield code="o">DOC124 .B83 1772</subfield>
    <subfield code="p">5517</subfield>
    <subfield code="r">2019-03-22 00:00:00</subfield>
    <subfield code="w">2019-03-22</subfield>
    <subfield code="y">D</subfield>
  </datafield>
</record>
